[Event "Tula Region-ch"]
[Site "Tula"]
[Date "2014.03.16"]
[Round "6"]
[White "Kainov, Aleksey"]
[Black "Vershinin, Andrey A"]
[Result "0-1"]
[WhiteElo "2178"]
[BlackElo "2082"]
[PlyCount "98"]
[EventDate "2014.03.11"]
[EventType "swiss"]
[EventRounds "9"]
[EventCountry "RUS"]
[SourceTitle "CBM 159 Extra"]
[Source "ChessBase"]
[SourceDate "2014.04.24"]
[SourceVersion "1"]
[SourceVersionDate "2014.04.24"]
[SourceQuality "1"]

1. d4 Nf6 2. c4 g6 3. Nc3 d5 4. cxd5 Nxd5 5. e4 Nxc3 6. bxc3 Bg7 7. Be3 c5 8. Qd2 Qa5 9. Rc1 cxd4 10. cxd4 Qxd2+ 11. Kxd2 0-0 12. Bd3 Rd8 13. Ne2 Nc6 14. Rc4 Be6 15. d5 Ne5 16. Rc7 Nxd3 17. Kxd3 Bd7 18. Rxb7 e6 19. Nd4 exd5 20. exd5 Bc8 21. Rc7 Rxd5 22. Kc4 Ra5 23. Nc6 Be6+ 24. Kb4 Rxa2 25. Rxa7 Bf8+ 26. Kb5 Rb2+ 27. Ka5 Rxa7+ 28. Bxa7 Ra2+ 29. Kb6 Rxf2 30. Rd1 Bh6 31. Rd8+ Kg7 32. Kb5 Rf5+ 33. Kb4 Bg5 34. Bd4+ Kh6 35. Rg8 f6 36. Rf8 Kg7 37. Re8 Bd2+ 38. Ka3 Bf7 39. Re7 Rd5 40. Bb2 Bf4 41. Ra7 Be3 42. Rc7 Rd6 43. Kb4 Bb6 44. Rc8 Be6 45. Re8 Rxc6 46. Re7+ Bf7 47. Kb5 Rc7 48. Rxf7+ Kxf7 49. Kxb6 Rc2 0-1

[Event "Tula Region-ch"]
[Site "Tula"]
[Date "2014.03.14"]
[Round "4"]
[White "Kainov, Aleksey"]
[Black "Shengeliya, Mikhail"]
[Result "1-0"]
[WhiteElo "2178"]
[BlackElo "1876"]
[PlyCount "83"]
[EventDate "2014.03.11"]
[EventType "swiss"]
[EventRounds "9"]
[EventCountry "RUS"]
[SourceTitle "CBM 159 Extra"]
[Source "ChessBase"]
[SourceDate "2014.04.24"]
[SourceVersion "1"]
[SourceVersionDate "2014.04.24"]
[SourceQuality "1"]

1. d4 Nf6 2. Nf3 g6 3. c4 c5 4. d5 b5 5. cxb5 a6 6. bxa6 Bxa6 7. Nc3 d6 8. e4 Bxf1 9. Kxf1 Bg7 10. g3 0-0 11. Kg2 Qa5 12. Re1 Nbd7 13. e5 dxe5 14. Nxe5 Nxe5 15. Rxe5 Ra7 16. Re2 Rd8 17. Bg5 Rad7 18. Rd2 Nxd5 19. Nxd5 Qa8 20. Bxe7 Rxd5 21. Rxd5 Qxd5+ 22. Qxd5 Rxd5 23. Rc1 Bxb2 24. Rxc5 Rd2 25. Bg5 Re2 26. Kf3 Re8 27. a4 Kg7 28. a5 Ra8 29. Bd2 Kf6 30. Rb5 Bd4 31. Be3 Bxe3 32. Kxe3 Rd8 33. a6 Ke6 34. a7 Ra8 35. Rb7 h5 36. Kd4 Kf5 37. f3 f6 38. Kc5 h4 39. Kb6 hxg3 40. hxg3 Ke5 41. Rb8 Rxa7 42. Kxa7 1-0

[Event "Tula Region-ch"]
[Site "Tula"]
[Date "2014.03.12"]
[Round "2"]
[White "Sedykh, Egor"]
[Black "Kainov, Aleksey"]
[Result "0-1"]
[WhiteElo "1917"]
[BlackElo "2178"]
[PlyCount "64"]
[EventDate "2014.03.11"]
[EventType "swiss"]
[EventRounds "9"]
[EventCountry "RUS"]
[SourceTitle "CBM 159 Extra"]
[Source "ChessBase"]
[SourceDate "2014.04.24"]
[SourceVersion "1"]
[SourceVersionDate "2014.04.24"]
[SourceQuality "1"]

1. d4 Nf6 2. g3 d5 3. Nf3 e6 4. c4 Be7 5. Bg2 0-0 6. 0-0 dxc4 7. Qa4 a6 8. Qxc4 b5 9. Qc2 Bb7 10. Bd2 Be4 11. Qc1 Bb7 12. a4 Nc6 13. Be3 Na5 14. Nbd2 Nd5 15. Qc2 b4 16. Qd3 Rc8 17. Rfc1 c5 18. dxc5 Nxe3 19. Qxe3 Qc7 20. Qe5 Bxc5 21. Qxc7 Rxc7 22. Ne5 Bxg2 23. Kxg2 Rfc8 24. Nd3 Be7 25. Rxc7 Rxc7 26. Kf1 Rc2 27. Ke1 Rxd2 28. Rc1 Nb3 29. Rc8+ Bf8 30. Ra8 a5 31. Rc8 g6 32. Nc5 Rxb2 0-1

[Event "Tula Region-ch"]
[Site "Tula"]
[Date "2013.10.25"]
[Round "6"]
[White "Novikov, Maxim"]
[Black "Kainov, Aleksey"]
[Result "1-0"]
[WhiteElo "2507"]
[BlackElo "2191"]
[PlyCount "101"]
[EventDate "2013.10.20"]
[EventType "tourn"]
[EventRounds "9"]
[EventCountry "RUS"]
[SourceTitle "EXT 2014"]
[Source "ChessBase"]
[SourceDate "2013.11.20"]
[SourceVersion "1"]
[SourceVersionDate "2013.11.20"]
[SourceQuality "1"]

1. e4 c5 2. Nf3 Nc6 3. Nc3 e5 4. Bc4 Be7 5. d3 Nf6 6. Nd2 0-0 7. Nf1 d6 8. Ne3 Be6 9. 0-0 Qd7 10. Ncd5 Ne8 11. g3 g6 12. f4 f5 13. exf5 gxf5 14. Bd2 Kh8 15. Qh5 Ng7 16. Qh6 Nd4 17. Rae1 b5 18. Nxe7 Qxe7 19. Bxe6 Qxe6 20. Qxe6 Ndxe6 21. fxe5 dxe5 22. Nd5 Nd4 23. Rxe5 Rae8 24. Rxe8 Rxe8 25. c3 Re2 26. cxd4 Rxd2 27. dxc5 Rxd3 28. Nf4 Rd2 29. Rf2 Rd1+ 30. Kg2 Rc1 31. Rd2 h5 32. b4 a5 33. a3 Rc3 34. Rd8+ Kh7 35. Rd7 Kh6 36. Rd6+ Kh7 37. Rd3 Rc2+ 38. Kf3 axb4 39. axb4 Ne8 40. Nxh5 Rxh2 41. Re3 Ng7 42. Nxg7 Kxg7 43. Re7+ Kf6 44. Rb7 Kg5 45. Rxb5 Rc2 46. Rb8 Rc3+ 47. Kf2 Kg4 48. Rg8+ Kh3 49. Rg7 Rb3 50. c6 Rxb4 51. Rh7+ 1-0

[Event "Tula Region-ch"]
[Site "Tula"]
[Date "2013.10.22"]
[Round "3"]
[White "Kainov, Aleksey"]
[Black "Obolentseva, Alexandra"]
[Result "1/2-1/2"]
[WhiteElo "2191"]
[BlackElo "2000"]
[PlyCount "83"]
[EventDate "2013.10.20"]
[EventType "tourn"]
[EventRounds "9"]
[EventCountry "RUS"]
[SourceTitle "EXT 2014"]
[Source "ChessBase"]
[SourceDate "2013.11.20"]
[SourceVersion "1"]
[SourceVersionDate "2013.11.20"]
[SourceQuality "1"]

1. d4 Nf6 2. Nf3 g6 3. c4 Bg7 4. Nc3 0-0 5. g3 d6 6. Bg2 c6 7. 0-0 Qb6 8. b3 Qa6 9. e4 Bg4 10. h3 Bxf3 11. Bxf3 Nbd7 12. Be3 Rac8 13. Rc1 c5 14. Qd2 Rfd8 15. Rfd1 cxd4 16. Bxd4 Qa5 17. Rc2 Ne5 18. Bg2 Nc6 19. Bxf6 Bxf6 20. Nd5 Qxd2 21. Nxf6+ Kg7 22. Nh5+ Kh6 23. Rcxd2 Kxh5 24. f4 Kh6 25. Kf2 Kg7 26. Ke3 Kf8 27. h4 a6 28. g4 f6 29. g5 fxg5 30. hxg5 Kg7 31. Bh3 Rb8 32. Be6 Rf8 33. Rh1 Nd8 34. Bd7 b6 35. Rdh2 Rh8 36. a4 a5 37. Rb2 Rb7 38. Bb5 Rf8 39. Rbh2 Rh8 40. Rb2 Rf8 41. Rbh2 Rh8 42. Rb2 1/2-1/2

[Event "Tula Suetin Memorial op"]
[Site "Tula"]
[Date "2006.11.24"]
[Round "4"]
[White "Kainov, Aleksey"]
[Black "Kuznezov, Albert"]
[Result "1/2-1/2"]
[WhiteElo "2268"]
[BlackElo "2069"]
[PlyCount "44"]
[EventDate "2006.11.21"]
[EventType "swiss"]
[EventRounds "9"]
[EventCountry "RUS"]
[SourceTitle "EXT 2010"]
[Source "ChessBase"]
[SourceDate "2010.11.25"]
[SourceVersion "1"]
[SourceVersionDate "2010.11.25"]
[SourceQuality "1"]

1. d4 d5 2. c4 c6 3. Nf3 Nf6 4. e3 e6 5. Bd3 Nbd7 6. Nbd2 Be7 7. 0-0 0-0 8. e4 dxe4 9. Nxe4 b6 10. Bf4 Nxe4 11. Bxe4 Bb7 12. Qe2 Re8 13. Rad1 Qc8 14. Ne5 Nxe5 15. Bxe5 Qd7 16. Qd3 g6 17. Qd2 f5 18. Bf3 Bf8 19. h4 Bg7 20. h5 Rad8 21. Rfe1 Qe7 22. h6 Bf6 1/2-1/2

[Event "Tula CC-ch"]
[Site "Tula"]
[Date "2006.09.27"]
[Round "6"]
[White "Kainov, Aleksey"]
[Black "Tanaev, Viktor"]
[Result "1-0"]
[WhiteElo "2268"]
[BlackElo "2089"]
[PlyCount "101"]
[EventDate "2006.09.19"]
[EventType "swiss"]
[EventRounds "9"]
[EventCountry "RUS"]
[SourceTitle "EXT 2010"]
[Source "ChessBase"]
[SourceDate "2010.11.25"]
[SourceVersion "1"]
[SourceVersionDate "2010.11.25"]
[SourceQuality "1"]

1. c4 e5 2. Nc3 Nf6 3. Nf3 Nc6 4. g3 Bb4 5. Nd5 e4 6. Nxb4 Nxb4 7. Nd4 0-0 8. Bg2 d5 9. cxd5 Nbxd5 10. Nc2 Re8 11. 0-0 Bd7 12. d3 exd3 13. Qxd3 Bc6 14. Rd1 Nb6 15. Bxc6 Qxd3 16. Rxd3 bxc6 17. Kf1 h6 18. b3 Re6 19. Nd4 Rd6 20. Ba3 c5 21. Bxc5 Rd5 22. Be7 Ng4 23. Nf3 Re8 24. Rxd5 Nxd5 25. Bc5 a6 26. Rc1 Ngf6 27. Bd4 Ne4 28. e3 f6 29. Ne1 Nd6 30. Nd3 Kf7 31. Nf4 Nxf4 32. Rxc7+ Re7 33. Rxe7+ Kxe7 34. exf4 Nb7 35. Ke2 Ke6 36. Kd3 Kd5 37. b4 Nd6 38. g4 Nb5 39. Bb2 Nc7 40. f5 Ne8 41. Bd4 Nd6 42. a4 Kc6 43. Bc5 Nf7 44. f4 Nd6 45. Bxd6 Kxd6 46. Kc4 Kc6 47. h4 Kd6 48. b5 a5 49. Kd4 Kc7 50. Kc5 Kb7 51. Kd6 1-0

[Event "Tula CC-ch"]
[Site "Tula"]
[Date "2006.09.26"]
[Round "5"]
[White "Karvatsky, Alexey"]
[Black "Kainov, Aleksey"]
[Result "0-1"]
[WhiteElo "1768"]
[BlackElo "2268"]
[PlyCount "89"]
[EventDate "2006.09.19"]
[EventType "swiss"]
[EventRounds "9"]
[EventCountry "RUS"]
[SourceTitle "EXT 2010"]
[Source "ChessBase"]
[SourceDate "2010.11.25"]
[SourceVersion "1"]
[SourceVersionDate "2010.11.25"]
[SourceQuality "1"]

1. e4 c5 2. Nc3 Nc6 3. g3 g6 4. Bg2 Bg7 5. d3 d6 6. Be3 e6 7. Qd2 Rb8 8. Nge2 Nd4 9. 0-0 b5 10. f4 Ne7 11. Rae1 0-0 12. Nd1 b4 13. Nc1 f5 14. c3 bxc3 15. bxc3 Ndc6 16. e5 dxe5 17. Bxc6 Nxc6 18. Bxc5 Rf7 19. fxe5 Nxe5 20. Qf4 Qd5 21. d4 Bb7 22. Re2 Ng4 23. Qxb8+ Bf8 24. Qxb7 Rxb7 25. Bxf8 Kxf8 26. h3 Nf6 27. Re5 Qd6 28. Nb3 Nd7 29. Re3 Kg7 30. Rfe1 Rb6 31. Nb2 Rc6 32. Na4 Qa3 33. Nac5 Nf8 34. R1e2 Rd6 35. h4 a5 36. Nb7 Ra6 37. N3c5 Rb6 38. Nd8 Rb1+ 39. Kf2 Rb2 40. Ndxe6+ Nxe6 41. Nxe6+ Kg8 42. Rxb2 Qxb2+ 43. Kf3 Qxa2 44. Kf4 a4 45. Ke5 0-1

[Event "RUS Fed Cup final"]
[Site "Tula"]
[Date "2005.12.10"]
[Round "?"]
[White "Kainov, Aleksey"]
[Black "Smirnov, Alexander"]
[Result "1-0"]
[WhiteElo "2272"]
[BlackElo "2201"]
[PlyCount "85"]
[EventDate "2005.12.02"]
[EventType "tourn"]
[EventRounds "11"]
[EventCountry "RUS"]
[EventCategory "3"]
[SourceTitle "EXT 2007"]
[Source "ChessBase"]
[SourceDate "2006.11.23"]
[SourceVersion "1"]
[SourceVersionDate "2006.11.23"]
[SourceQuality "1"]

1. d4 Nf6 2. c4 g6 3. Nc3 Bg7 4. g3 0-0 5. Bg2 c6 6. Nf3 d5 7. cxd5 cxd5 8. Ne5 Nc6 9. 0-0 Be6 10. Nxc6 bxc6 11. Na4 Ne4 12. f3 Nd6 13. e3 Bf5 14. b3 Qc8 15. Bb2 Bh3 16. Rc1 Bxg2 17. Kxg2 Nf5 18. Qd3 Bh6 19. Rce1 Nd6 20. Rf2 a5 21. Rc2 Ra6 22. Nc5 Rb6 23. Bc3 Rb5 24. a4 Rxc5 25. dxc5 Nb7 26. b4 axb4 27. Bxb4 e5 28. Qa6 f5 29. Ba3 e4 30. f4 Bg7 31. Rb1 Rf7 32. Bb2 Bf8 33. Bd4 Qc7 34. Qb6 Qxb6 35. Rxb6 Na5 36. Ra6 Nc4 37. Rxc6 Ra7 38. Rc8 Rxa4 39. c6 Kf7 40. c7 Nd6 41. Rxf8+ Kxf8 42. Bc5 Rc4 43. Bxd6+ 1-0

[Event "RUS Fed Cup final"]
[Site "Tula"]
[Date "2005.12.09"]
[Round "?"]
[White "Kosov, Ivan"]
[Black "Kainov, Aleksey"]
[Result "1-0"]
[WhiteElo "2292"]
[BlackElo "2272"]
[PlyCount "87"]
[EventDate "2005.12.02"]
[EventType "tourn"]
[EventRounds "11"]
[EventCountry "RUS"]
[EventCategory "3"]
[SourceTitle "EXT 2007"]
[Source "ChessBase"]
[SourceDate "2006.11.23"]
[SourceVersion "1"]
[SourceVersionDate "2006.11.23"]
[SourceQuality "1"]

1. e4 c5 2. Nc3 Nc6 3. f4 d6 4. Nf3 g6 5. Bc4 Bg7 6. 0-0 e6 7. d3 Nge7 8. Qe1 Nd4 9. Nxd4 cxd4 10. Ne2 d5 11. Bb5+ Bd7 12. Bxd7+ Qxd7 13. e5 Nc6 14. Qf2 Rc8 15. b3 f6 16. Bb2 0-0 17. exf6 Bxf6 18. Rac1 e5 19. Ba3 Be7 20. Bxe7 Qxe7 21. Rce1 Qg7 22. Qf3 Nb4 23. Rc1 Qd7 24. Qg3 Nxa2 25. Ra1 Rxc2 26. fxe5 Rxf1+ 27. Rxf1 Qe7 28. e6 Rxe2 29. Qb8+ Kg7 30. Rf7+ Qxf7 31. exf7 Kxf7 32. Qxb7+ Re7 33. Qxd5+ Re6 34. Qxd4 a5 35. Qa7+ Re7 36. Qxa5 Nc1 37. h4 Rd7 38. Qb5 Ke8 39. d4 Kd8 40. d5 Rc7 41. d6 Rc3 42. Qa5+ Kd7 43. Qe5 Rd3 44. Qe7+ 1-0

[Event "RUS Fed Cup final"]
[Site "Tula"]
[Date "2005.12.07"]
[Round "?"]
[White "Kainov, Aleksey"]
[Black "Tishin, Petr"]
[Result "1/2-1/2"]
[WhiteElo "2272"]
[BlackElo "2418"]
[PlyCount "87"]
[EventDate "2005.12.02"]
[EventType "tourn"]
[EventRounds "11"]
[EventCountry "RUS"]
[EventCategory "3"]
[SourceTitle "EXT 2007"]
[Source "ChessBase"]
[SourceDate "2006.11.23"]
[SourceVersion "1"]
[SourceVersionDate "2006.11.23"]
[SourceQuality "1"]

1. d4 d5 2. c4 Nc6 3. Nc3 dxc4 4. Nf3 Nf6 5. d5 Nb8 6. e4 e6 7. Bxc4 exd5 8. exd5 Be7 9. 0-0 0-0 10. h3 a6 11. a4 h6 12. Be3 Nbd7 13. Qc2 Nb6 14. Ba2 Nbxd5 15. Nxd5 Nxd5 16. Bb1 g6 17. Bxh6 Re8 18. Qb3 Bf6 19. Rd1 c6 20. Be3 Qe7 21. Bd4 Be6 22. Re1 Rad8 23. Bxf6 Qxf6 24. Bc2 Nf4 25. Qc3 Qxc3 26. bxc3 Bd5 27. Bd1 b5 28. axb5 axb5 29. Re3 c5 30. Ra5 Bc4 31. Rxe8+ Rxe8 32. Kh2 Nd5 33. Ra3 b4 34. cxb4 cxb4 35. Ra4 Rc8 36. Ne5 Bb5 37. Ra5 Rb8 38. Bb3 Nf4 39. Bxf7+ Kg7 40. g3 Ne2 41. Ra7 Nd4 42. Bd5+ Kf8 43. Rf7+ Ke8 44. Rf4 1/2-1/2

[Event "RUS Fed Cup final"]
[Site "Tula"]
[Date "2005.12.02"]
[Round "?"]
[White "Ponomarenko, Viktor"]
[Black "Kainov, Aleksey"]
[Result "1-0"]
[WhiteElo "2316"]
[BlackElo "2272"]
[PlyCount "91"]
[EventDate "2005.12.02"]
[EventType "tourn"]
[EventRounds "11"]
[EventCountry "RUS"]
[EventCategory "3"]
[SourceTitle "EXT 2007"]
[Source "ChessBase"]
[SourceDate "2006.11.23"]
[SourceVersion "1"]
[SourceVersionDate "2006.11.23"]
[SourceQuality "1"]

1. d4 Nf6 2. c4 e6 3. Nf3 b6 4. g3 Ba6 5. b3 Bb4+ 6. Bd2 Be7 7. Nc3 c6 8. Qc2 d5 9. e4 dxe4 10. Nxe4 Nbd7 11. Bg2 Bb7 12. 0-0 Nxe4 13. Qxe4 Nf6 14. Qc2 c5 15. d5 exd5 16. Nh4 0-0 17. Nf5 Ne4 18. cxd5 Nxd2 19. Nxe7+ Qxe7 20. Qxd2 Rad8 21. Rfe1 Qf6 22. Rad1 Rd7 23. Re3 Qd8 24. Qe2 Qa8 25. Re7 Rxe7 26. Qxe7 Re8 27. Qc7 Rc8 28. Qf4 Re8 29. Bf3 f6 30. h4 Re5 31. Kg2 Kf8 32. h5 h6 33. a4 Ke8 34. Qc4 Qc8 35. a5 Qd7 36. axb6 Bc8 37. d6 Qh3+ 38. Kg1 Be6 39. d7+ Kd8 40. Qd3 Bxd7 41. Qd6 Qe6 42. Qb8+ Ke7 43. Qxa7 Re1+ 44. Rxe1 Qxe1+ 45. Kg2 Qe6 46. b7 1-0

[Event "Tula CC-ch"]
[Site "Tula"]
[Date "2005.10.16"]
[Round "2"]
[White "Kainov, Aleksey"]
[Black "Kashlinskaya, Alina"]
[Result "1/2-1/2"]
[WhiteElo "2226"]
[BlackElo "2075"]
[PlyCount "81"]
[EventDate "2005.10.15"]
[EventType "swiss"]
[EventRounds "9"]
[EventCountry "RUS"]
[SourceTitle "EXT 2006"]
[Source "ChessBase"]
[SourceDate "2005.11.24"]
[SourceVersion "1"]
[SourceVersionDate "2005.11.24"]
[SourceQuality "1"]

1. d4 d5 2. c4 e6 3. Nc3 Be7 4. Nf3 Nf6 5. Bg5 0-0 6. e3 Nbd7 7. Rc1 a6 8. cxd5 exd5 9. Bd3 c6 10. 0-0 Ne8 11. Bf4 Bd6 12. Ne5 Nxe5 13. dxe5 Be7 14. Qc2 g6 15. Bh6 Ng7 16. f4 Qb6 17. Qe2 Bg4 18. Qxg4 Qxe3+ 19. Kh1 Qxd3 20. Qd7 Rfe8 21. Bxg7 Kxg7 22. Qxb7 d4 23. Na4 Qb5 24. Qxc6 Rec8 25. Qxb5 axb5 26. Nb6 Rxc1 27. Rxc1 Rxa2 28. Rb1 d3 29. Nd5 b4 30. Ne3 b3 31. Nd5 d2 32. Nc3 Bb4 33. Nd1 Ra6 34. Ne3 Rc6 35. Rf1 Rc1 36. Nd1 Bc5 37. g3 Bf2 38. Kg2 Be1 39. Ne3 d1Q 40. Nxd1 Rxd1 41. Rf3 1/2-1/2

[Event "Tula Region-ch"]
[Site "Tula"]
[Date "2005.08.10"]
[Round "6"]
[White "Kainov, Aleksey"]
[Black "Shensnovich, Vladimir"]
[Result "1/2-1/2"]
[WhiteElo "2226"]
[BlackElo "2141"]
[PlyCount "153"]
[EventDate "2005.08.05"]
[EventType "swiss"]
[EventRounds "9"]
[EventCountry "RUS"]
[SourceTitle "EXT 2006"]
[Source "ChessBase"]
[SourceDate "2005.11.24"]
[SourceVersion "1"]
[SourceVersionDate "2005.11.24"]
[SourceQuality "1"]

1. e4 c5 2. c3 d5 3. exd5 Qxd5 4. d4 Nf6 5. Nf3 e6 6. Be2 cxd4 7. cxd4 Bb4+ 8. Nc3 Qa5 9. Bd2 Nc6 10. a3 Be7 11. 0-0 0-0 12. Nb5 Qd8 13. Bf4 Nd5 14. Bg3 a6 15. Nc3 b5 16. Ne5 Nxc3 17. bxc3 Nxe5 18. Bxe5 Bb7 19. Bf3 Bd5 20. a4 f6 21. Bg3 Qd7 22. axb5 axb5 23. Bxd5 Qxd5 24. Qe2 Kf7 25. Rab1 Ra5 26. Bc7 Ra3 27. Rxb5 Qc6 28. Ba5 Ra8 29. Rb6 Qd7 30. Bb4 Bxb4 31. cxb4 Ra1 32. b5 Rxf1+ 33. Qxf1 Qxd4 34. Ra6 Rb8 35. Rc6 Qd5 36. Rc7+ Kf8 37. Qa1 Qxb5 38. Qa3+ Kg8 39. h3 Qe5 40. Qc1 h6 41. g3 f5 42. Qc3 Rb1+ 43. Kh2 Qxc3 44. Rxc3 Kf7 45. h4 Re1 46. Rc7+ Kf6 47. Kg2 Re2 48. Rc6 Rd2 49. Rb6 Rd3 50. f4 Re3 51. Kf2 Re4 52. Kf3 g5 53. hxg5+ hxg5 54. Ra6 gxf4 55. gxf4 Rc4 56. Rb6 Rc3+ 57. Kf2 Ke7 58. Ra6 Kd7 59. Rb6 Rc6 60. Rb3 Kd6 61. Rd3+ Kc5 62. Kf3 Rb6 63. Ra3 Rb1 64. Re3 Kd6 65. Rd3+ Ke7 66. Re3 Rf1+ 67. Kg3 Rb1 68. Ra3 Kf6 69. Ra6 Rb3+ 70. Kg2 Rc3 71. Kf2 Rb3 72. Rc6 Ke7 73. Ra6 Kd7 74. Ke2 Rc3 75. Rb6 Rc6 76. Rb3 Rc4 77. Kf3 1/2-1/2

[Event "Tula Region-ch"]
[Site "Tula"]
[Date "2005.08.09"]
[Round "5"]
[White "Kainov, Aleksey"]
[Black "Manaenkov, Vladimir Nikolaevic"]
[Result "0-1"]
[WhiteElo "2226"]
[BlackElo "2207"]
[PlyCount "104"]
[EventDate "2005.08.05"]
[EventType "swiss"]
[EventRounds "9"]
[EventCountry "RUS"]
[SourceTitle "EXT 2006"]
[Source "ChessBase"]
[SourceDate "2005.11.24"]
[SourceVersion "1"]
[SourceVersionDate "2005.11.24"]
[SourceQuality "1"]

1. d4 Nf6 2. c4 c5 3. d5 e6 4. Nc3 exd5 5. cxd5 d6 6. e4 g6 7. Nf3 Bg7 8. Be2 0-0 9. 0-0 Bg4 10. h3 Bxf3 11. Bxf3 a6 12. Bf4 Qe7 13. a4 Nbd7 14. a5 Ne5 15. Be2 Nfd7 16. Qd2 Rfe8 17. Rfe1 Rac8 18. Be3 c4 19. Na4 Nd3 20. Bxd3 cxd3 21. Qxd3 Qxe4 22. Qxe4 Rxe4 23. Nb6 Nxb6 24. Bxb6 Rxe1+ 25. Rxe1 Kf8 26. b4 Rc4 27. Rb1 Bh6 28. b5 Rc1+ 29. Rxc1 Bxc1 30. bxa6 bxa6 31. Kf1 Ke7 32. Ke2 Kf6 33. Bd4+ Kf5 34. Kd3 h5 35. Bc3 Ba3 36. g3 Bc5 37. f3 h4 38. Be1 Bg1 39. gxh4 Bh2 40. Bb4 Ke5 41. Kc4 Bg3 42. Bd2 Bxh4 43. Bb4 Bg3 44. Bd2 Bf4 45. Bb4 Kf5 46. Kd3 Kg5 47. Be1 Bh2 48. Ke3 Bg1+ 49. Ke2 Kf4 50. Bc3 Bc5 51. Bf6 Bb4 52. Bd8 Ke5 0-1

[Event "Tula Region-ch"]
[Site "Tula"]
[Date "2005.08.06"]
[Round "2"]
[White "Kainov, Aleksey"]
[Black "Drizgalovich, Mikhail"]
[Result "1/2-1/2"]
[WhiteElo "2226"]
[BlackElo "2068"]
[PlyCount "22"]
[EventDate "2005.08.05"]
[EventType "swiss"]
[EventRounds "9"]
[EventCountry "RUS"]
[SourceTitle "EXT 2006"]
[Source "ChessBase"]
[SourceDate "2005.11.24"]
[SourceVersion "1"]
[SourceVersionDate "2005.11.24"]
[SourceQuality "1"]

1. d4 d5 2. c4 c6 3. Nf3 Nf6 4. Nc3 a6 5. c5 g6 6. Bf4 Bg7 7. h3 0-0 8. e3 Nbd7 9. Bd3 Ne8 10. 0-0 Nc7 11. Rc1 Re8 1/2-1/2

[Event "Tula Timashkov Memorial"]
[Site "Tula"]
[Date "2005.04.16"]
[Round "9"]
[White "Semenov, Nikolai"]
[Black "Kainov, Aleksey"]
[Result "1/2-1/2"]
[WhiteElo "2073"]
[BlackElo "2222"]
[PlyCount "57"]
[EventDate "2005.04.05"]
[EventType "swiss"]
[EventRounds "9"]
[EventCountry "RUS"]
[SourceTitle "EXT 2006"]
[Source "ChessBase"]
[SourceDate "2005.11.24"]
[SourceVersion "1"]
[SourceVersionDate "2005.11.24"]
[SourceQuality "1"]

1. e4 c5 2. c3 Nf6 3. e5 Nd5 4. Bc4 Nb6 5. Bb3 Nc6 6. Nf3 d5 7. exd6 Qxd6 8. d4 cxd4 9. cxd4 Bf5 10. 0-0 e6 11. Nc3 Be7 12. d5 exd5 13. Nxd5 Nxd5 14. Qxd5 Qxd5 15. Bxd5 0-0 16. Bg5 Rfe8 17. Bxc6 bxc6 18. Bxe7 Rxe7 19. Nd4 Be4 20. Rac1 Rd7 21. Nxc6 Rd2 22. f3 Bxc6 23. Rxc6 Rxb2 24. Rfc1 g6 25. a4 Ra2 26. R1c4 Rd8 27. Rc8 Rxc8 28. Rxc8+ Kg7 29. Rc4 1/2-1/2